[Event "4th CHN w Masters 2014"]
[Site "Wuxi CHN"]
[Date "2014.05.13"]
[Round "7.2"]
[White "Zhai Mo"]
[Black "Huang Qian"]
[Result "1/2-1/2"]
[WhiteElo "2303"]
[BlackElo "2494"]
[EventDate "2014.05.06"]

1. e4 d5 2. exd5 Qxd5 3. Nc3 Qd8 4. d4 c6 5. Nf3 Nf6 6. Bc4 Bf5 7. Ne5 e6 8. g4
Bg6 9. h4 Nbd7 10. Qe2 Bb4 11. Bd2 Bxc3 12. Bxc3 Be4 13. Rg1 Bd5 14. O-O-O Ne4
15. Be1 Nxe5 16. dxe5 Qb6 17. Bd3 Nc5 18. b3 Nxd3+ 19. Qxd3 O-O-O 20. Rd2 c5 21.
Qe3 c4 22. Qxb6 axb6 23. Rd4 cxb3 24. axb3 Bc6 25. Bc3 Rxd4 26. Bxd4 Kc7 27. Kd2
g6 28. h5 gxh5 29. gxh5 Bf3 30. h6 Be4 31. Ke3 Bg6 32. c4 Kc6 33. b4 b5 34. Rc1
Ra8 35. cxb5+ Kxb5 36. Rc7 b6 37. Kf4 Ra4 38. Bc3 Ra2 39. Bd4 Rd2 40. Be3 Rb2
41. Kg5 Rxb4 42. Kf6 Rc4 43. Rxc4 Kxc4 1/2-1/2

[Event "4th CHN w Masters 2014"]
[Site "Wuxi CHN"]
[Date "2014.05.13"]
[Round "7.4"]
[White "Tan Zhongyi"]
[Black "Lei Tingjie"]
[Result "1-0"]
[WhiteElo "2460"]
[BlackElo "2436"]
[EventDate "2014.05.06"]

1. d4 Nf6 2. c4 g6 3. Nf3 Bg7 4. g3 c6 5. Bg2 d5 6. Qb3 O-O 7. O-O dxc4 8. Qxc4
Bf5 9. Nc3 Nbd7 10. Re1 Ne4 11. Nh4 Nd6 12. Qa4 Nb6 13. Qd1 Bg4 14. h3 Be6 15.
Nf3 Qc7 16. Bf4 Rad8 17. e4 Qc8 18. Kh2 Ne8 19. Rc1 Nf6 20. b3 Nh5 21. Be3 Qb8
22. Qe2 Bc8 23. a4 Nd7 24. e5 f6 25. d5 Nxe5 26. Nxe5 fxe5 27. dxc6 bxc6 28.
Bxc6 Kh8 29. Qb5 Qd6 30. Ne4 Qe6 31. Ng5 Qf6 32. Bg2 a6 33. Qc6 Rd3 34. Qxc8
Rxc8 35. Rxc8+ Bf8 36. Ne4 Qg7 37. Nc5 Rd6 38. Bd5 g5 39. Ne6 Rxe6 40. Bxe6 Qh6
41. Bc4 Nf6 42. Kg2 Kg7 43. Rd1 Qg6 44. Rdd8 g4 45. h4 1-0

[Event "4th CHN w Masters 2014"]
[Site "Wuxi CHN"]
[Date "2014.05.13"]
[Round "7.5"]
[White "Zhang Xiaowen"]
[Black "Ni,Shiqun"]
[Result "1-0"]
[WhiteElo "2388"]
[BlackElo "2320"]
[EventDate "2014.05.06"]

1. e4 e5 2. Bc4 Nf6 3. d3 c6 4. Bb3 d5 5. exd5 cxd5 6. Nf3 Bb4+ 7. c3 Bd6 8. O-O
O-O 9. Bg5 Be6 10. Nbd2 Nbd7 11. Re1 Qc7 12. Bh4 Bf5 13. Bc2 a6 14. h3 Rfe8 15.
Nf1 h6 16. Ne3 Be6 17. Bb3 b5 18. Rc1 Rac8 19. a4 Qb6 20. axb5 axb5 21. d4 e4
22. Ne5 Qb7 23. f4 exf3 24. Nxd7 f2+ 25. Bxf2 Nxd7 26. Qf3 Nb6 27. Re2 Nc4 28.
Rce1 Red8 29. Nf5 Bf8 30. Bh4 Bxf5 31. Qxf5 Rd7 32. Bc2 g6 33. Qg4 Nd6 34. Bf6
Bg7 35. Bxg7 Kxg7 36. h4 Rf8 37. h5 g5 38. Re5 f6 39. Rxd5 Re7 40. Re6 Qxd5 41.
Rxe7+ Rf7 42. Qd7 Rxe7 43. Qxe7+ Nf7 44. Bg6 f5 45. Bxf7 Qxf7 46. Qe5+ Kg8 47.
Qxb5 g4 48. Qc6 Qxh5 49. Qe6+ Kh7 50. Qe7+ Kg8 51. b4 Qg6 52. d5 Qb6+ 53. Qc5
Qa6 54. Qe3 Qa1+ 55. Kh2 Kg7 56. d6 f4 57. Qd4+ Kg6 58. Qe4+ Kg5 59. Qe5+ Kg6
60. Qxf4 Qxc3 61. d7 Qd3 62. Qxg4+ Kf7 63. Qf3+ 1-0

[Event "4th CHN w Masters 2014"]
[Site "Wuxi CHN"]
[Date "2014.05.14"]
[Round "8.1"]
[White "Shen Yang"]
[Black "Ni,Shiqun"]
[Result "1-0"]
[WhiteElo "2458"]
[BlackElo "2320"]
[EventDate "2014.05.06"]

1. d4 Nf6 2. c4 g6 3. Nf3 Bg7 4. Nc3 d5 5. e3 O-O 6. Qb3 e6 7. Bd2 b6 8. cxd5
exd5 9. Be2 Bb7 10. O-O Nbd7 11. a4 a5 12. Rac1 Qe7 13. Rfd1 c6 14. Ne1 Rfc8 15.
Nd3 Ba6 16. Nf4 Bb7 17. h3 Ne8 18. Be1 Nd6 19. Qa3 Bf8 20. Na2 Qg5 21. Qd3 c5
22. Bc3 Ne4 23. Bf3 cxd4 24. Bxd4 Nec5 25. Qc2 Ne4 26. Nc3 Ndc5 27. Bxc5 Rxc5
28. Qb3 Rac8 29. Qxb6 R8c7 30. Nce2 Nd2 31. Rxc5 Nxf3+ 32. Kh1 Rxc5 33. Qxb7 Ne5
34. Rxd5 Qf5 35. Rxc5 Bxc5 36. Nc3 Kg7 37. Qc7 Bb4 38. g4 Nxg4 39. hxg4 Qxg4 40.
Qe5+ f6 41. Qd5 g5 42. Nfe2 h5 43. Ng3 Qh3+ 44. Kg1 Bxc3 45. Nf5+ 1-0

[Event "4th CHN w Masters 2014"]
[Site "Wuxi CHN"]
[Date "2014.05.14"]
[Round "8.2"]
[White "Lei Tingjie"]
[Black "Zhang Xiaowen"]
[Result "1-0"]
[WhiteElo "2436"]
[BlackElo "2388"]
[EventDate "2014.05.06"]

1. d4 Nf6 2. c4 g6 3. Nc3 Bg7 4. e4 d6 5. h3 O-O 6. Nf3 Nc6 7. d5 Nb4 8. Be2 e6
9. Be3 Re8 10. Nd2 exd5 11. cxd5 c5 12. O-O Na6 13. Re1 Nc7 14. Bf4 b5 15. Nxb5
Nxe4 16. Nxc7 Nxf2 17. Kxf2 Qh4+ 18. Kg1 Qxf4 19. Nxe8 Bd4+ 20. Kh1 Bxh3 21.
gxh3 Qg3 22. Bg4 1-0

[Event "4th CHN w Masters 2014"]
[Site "Wuxi CHN"]
[Date "2014.05.14"]
[Round "8.3"]
[White "Wang Jue"]
[Black "Tan Zhongyi"]
[Result "1-0"]
[WhiteElo "2363"]
[BlackElo "2460"]
[EventDate "2014.05.06"]

1. e4 d6 2. d4 Nf6 3. Nc3 e5 4. Nf3 Nbd7 5. Bc4 Be7 6. O-O O-O 7. Re1 a6 8. a4
b6 9. h3 Bb7 10. d5 Ne8 11. Bf1 g6 12. Bh6 Ng7 13. Qd2 Kh8 14. a5 b5 15. Na2 Nf6
16. c4 bxc4 17. Nb4 Ng8 18. Bxg7+ Kxg7 19. Bxc4 f5 20. Qc2 fxe4 21. Nd2 Nh6 22.
Nxe4 Nf5 23. Qd3 Qc8 24. Rac1 Rf7 25. Nc6 Bxc6 26. dxc6 Rf8 27. b4 Nd4 28. Bd5
Qb8 29. Rc4 Qa7 30. Qe3 Bh4 31. Rd1 Rae8 32. Rd3 Rf5 33. g3 Be7 34. Kg2 Rf3 35.
Qd2 Rxd3 36. Qxd3 Rf8 37. h4 Nf5 38. Qd2 Qb8 39. Nc3 Nd4 40. Be4 Rf7 41. Nd5 Bd8
42. Rxd4 exd4 43. Qxd4+ Kg8 44. h5 gxh5 45. Nf4 Bf6 46. Qc4 Kf8 47. Bd5 Re7 48.
Nxh5 Bg5 49. Qc3 Re5 50. Qf3+ Ke8 51. Qf7+ 1-0

[Event "4th CHN w Masters 2014"]
[Site "Wuxi CHN"]
[Date "2014.05.14"]
[Round "8.5"]
[White "Ju Wenjun"]
[Black "Zhai Mo"]
[Result "1-0"]
[WhiteElo "2526"]
[BlackElo "2303"]
[EventDate "2014.05.06"]

1. Nf3 Nf6 2. c4 e6 3. g3 d5 4. Bg2 dxc4 5. Qa4+ Nbd7 6. Qxc4 a6 7. Qb3 Rb8 8.
a4 b6 9. O-O Bb7 10. d3 Bd6 11. Na3 c5 12. e4 O-O 13. Nc4 Bc7 14. Bd2 b5 15.
axb5 axb5 16. Na5 Ba8 17. Rfe1 c4 18. Qa3 cxd3 19. Bb4 Re8 20. Qxd3 Ne5 21. Nxe5
Bxe5 22. Qe2 Qb6 23. Nb3 Rbc8 24. Ba5 Qb7 25. Bb4 Qb6 26. Rec1 Rc4 27. Bc5 Qb8
28. f4 Rxc1+ 29. Rxc1 Bc7 30. e5 Nd5 31. Qf2 h6 32. Qe2 Rd8 33. Nd4 Bb6 34. Qxb5
Rc8 35. b4 Qa7 36. Nb3 Qa3 37. Qc4 Ne3 38. Qc3 Nd5 39. Qc4 Bxc5+ 40. bxc5 Qb2
41. Rc2 Qa3 42. Rc1 Bb7 43. Re1 Qb2 44. Be4 Nb6 45. Qd4 Qxd4+ 46. Nxd4 Bxe4 47.
cxb6 Bd5 48. Rb1 Kf8 49. Kf2 Ke7 50. Nb5 Rc2+ 51. Ke3 Rc8 52. Nd6 Rb8 53. Kd4 f6
54. Ra1 Kf8 55. Kc5 Bf3 56. Ra7 f5 57. Rc7 Bd5 58. b7 1-0